Computer graphics c version / (Registro nro. 3618)

Detalles MARC
000 -LEADER
fixed length control field 01061nam a2200253Ia 4500
003 - CONTROL NUMBER IDENTIFIER
control field OSt
005 - DATE AND TIME OF LATEST TRANSACTION
control field 20200325164755.0
008 - FIXED-LENGTH DATA ELEMENTS--GENERAL INFORMATION
fixed length control field 191128s1986 njua gr 001 0 spa d
020 ## - INTERNATIONAL STANDARD BOOK NUMBER
International Standard Book Number 135309247
040 ## - CATALOGING SOURCE
Original cataloging agency CO-JMCR
Transcribing agency CO-JMCR
082 04 - DEWEY DECIMAL CLASSIFICATION NUMBER
Classification number 005.7 /
Item number H436c
100 1# - MAIN ENTRY--PERSONAL NAME
Personal name Hearn, Donald,
Relator term autor
9 (RLIN) 1865
245 10 - TITLE STATEMENT
Title Computer graphics c version /
Statement of responsibility, etc. Donald Hearn, M. Pauline Baker
250 ## - EDITION STATEMENT
Edition statement Segunda edición
260 ## - PUBLICATION, DISTRIBUTION, ETC.
Place of publication, distribution, etc. New Jersey :
Name of publisher, distributor, etc. Prentice Hall,
Date of publication, distribution, etc. 1986
300 ## - PHYSICAL DESCRIPTION
Extent xx, 652 páginas :
Other physical details ilustraciones a color ;
Dimensions 25 cm.
505 ## - FORMATTED CONTENTS NOTE
Formatted contents note A survey of computer graphics -- Overview of graphics systems --Output primitives -- Attributes of output primitives -- Two-dimensional geometric transformations -- Two-dimensional viewing -- Structures and hierarchical modeling
546 ## - LANGUAGE NOTE
Language note inglés
650 14 - SUBJECT ADDED ENTRY--TOPICAL TERM
Topical term or geographic name entry element Lenguaje de programación de computadores
9 (RLIN) 1866
650 24 - SUBJECT ADDED ENTRY--TOPICAL TERM
Topical term or geographic name entry element Estructura de datos
General subdivision Computadores
9 (RLIN) 1867
650 24 - SUBJECT ADDED ENTRY--TOPICAL TERM
Topical term or geographic name entry element Lenguajes de programación
General subdivision Computadores electrónicos
9 (RLIN) 1868
700 1# - ADDED ENTRY--PERSONAL NAME
Personal name Baker, M. Pauline,
Relator term autor
9 (RLIN) 1869
942 ## - ADDED ENTRY ELEMENTS (KOHA)
Source of classification or shelving scheme Dewey Decimal Classification
Koha item type Books
Existencias
Withdrawn status Lost status Source of classification or shelving scheme Materials specified (bound volume or other part) Damaged status Not for loan Home library Current library Date acquired Source of acquisition Cost, normal purchase price Total Checkouts Full call number Barcode Date last seen Date last checked out Copy number Price effective from Koha item type
    Dewey Decimal Classification Donación--10/04/2018--     Biblioteca Pública José María del Castillo y Rada Biblioteca Pública José María del Castillo y Rada 11/28/2019 Donación 0.00 1 005.7 / H436c 201807490 05/16/2024 06/13/2023 Ej.1 11/28/2019 Books